000 00662nam a2200121Ia 4500
008 220615s9999||||xx |||||||||||||| ||und||
100 _aShaked, Shanna||Crettaz, Pierre||Saade-Sbeih, Myriam||Jolliet, Olivier||Jolliet, Alexandre
245 0 _aEnvironmental Life Cycle Assessment
546 _aEnglish[eng]
650 _aNature||Environmental Conservation & Protection||Science||Environmental Science (see Also Chemistry||Environmental)||Technology & Engineering||Civil||General
856 _uhttps://library.oapen.org/bitstream/20.500.12657/43927/1/external_content.pdf||https://library.oapen.org/bitstream/20.500.12657/43927/1/external_content.pdf
942 _cEB
999 _c16108
_d16108